000 00881nam0a22002651 4500
001 rc\3415656
005 20250610001309.0
021 _aRU
_b[72-47921]
035 _a(NLR Aleph) 007579864
090 _a5496655
_c5496655
100 _a20130115d1972 |||y0rusy50 ca
101 0 _arus
102 _aRU
105 _ay z |||||
200 1 _aСтраницы дружбы
_eРус.-башк. лит.-фольклорные связи
210 _aУфа
_cБашкнигоиздат
_d1972
215 _a256 с.
_d20
320 _aОбзор лит.: с. 6-15
606 _aРусско-башкирские литературные связи
_xИстория
_z19-20 вв.
_2psbo
700 1 _aРахимкулов
_bМ.Г.
_f1925-
_gМурат Галимович
801 0 _aRU
_bNLR
_gpsbo
801 1 _aRU
_bELAR
_2rusmarc
852 _aNLR
_j72-3/5952
942 _cBOOK
980 _aNB